'90s Movies by Characters Quiz Stats

Quiz Updated Nov 8, 2016

Challenge
Share
Tweet
Embed
Score 0/30 Timer 08:00
0 Plays Today
Characters Movie % Correct
Clarice Starling, Dr. Hannibal Lecter, Jack CrawfordThe Silence of the Lambs
87.3%
Belle, Gaston, LumièreBeauty and the Beast
82.8%
Jack Dawson, Rose DeWitt Bukater, Caledon Nathan HockleyTitanic
75.3%
Kevin McCallister, Harry Lime, Marv MerchantsHome Alone
73.1%
Bruce Wayne, Oswald Cobblepot, Selina KyleBatman Returns
69.1%
Wayne Campbell, Garth Algar, Cassandra WongWayne's World
65.5%
Jenny Curran, Lt. Dan Taylor, Benjamin Buford BlueForrest Gump
62.6%
Capt. John H. Miller, Sgt. Mike Horvath, PFC James Francis RyanSaving Private Ryan
62.5%
Jim Garrison, Clay Shaw, Lee Harvey OswaldJFK
59.8%
Leonardo, April O'Neil, Casey JonesTeenage Mutant Ninja Turtles
59.4%
Lloyd Christmas, Harry Dunne, Mary SwansonDumb and Dumber
59.2%
Dr. Richard Kimble, Deputy Samuel Gerard, Helen KimbleThe Fugitive
56.6%
James Bond, Alec Trevelyan, Xenia OnatoppGoldenEye
55%
Dr. Alan Grant, Dr. Ellie Sattler, Dr. Ian MalcolmJurassic Park
49%
Sidney Prescott, Billy Loomis, Gale WeathersScream
43.6%
Characters Movie % Correct
Detective Lt. William Somerset, Detective David Mills, John DoeSeven
39.9%
Jim Lovell, Fred Haise, Jack SwigertApollo 13
39.3%
Peter Gibbons, Michael Bolton, Samir NagheenanajarOffice Space
38.8%
Jim Levenstein, Michelle Flaherty, NadiaAmerican Pie
38.3%
Capt. Steven Hiller, President Thomas J. Whitmore, Russell CasseIndependence Day
37.6%
President James Marshall, Ivan Korshunov, Vice President Kathryn BennettAir Force One
36.6%
Jerry Lundegaard, Carl Showalter, Marge GundersonFargo
35.7%
Sam Wheat, Molly Jensen, Oda Mae BrownGhost
32.9%
Cameron James, Patrick Verona, Kat Stratford10 Things I Hate About You
24.2%
Mary Jensen, Ted Stroehmann, Dom WoganowskiThere's Something About Mary
23.1%
Lt. General James Longstreet, Col. Joshua Chamberlain, General Robert E. LeeGettysburg
21.2%
Preston Meyers, Mike Dexter, Amanda BeckettCan't Hardly Wait
16.1%
Detective Nick Curran, Katherine Tramell, Dr. Beth GarnerBasic Instinct
15.8%
Officer Jack Traven, Howard Payne, Annie PorterSpeed
14.9%
Guido Orefice, Dora, Giosué OreficeLa Vita è Bella
8.9%

You're not logged in!

Compare scores with friends on all Sporcle quizzes.
Sign Up with Email
OR
Log In

You Might Also Like...

Show Comments

Extras

Top Quizzes Today


Score Distribution

Your Account Isn't Verified!

In order to create a playlist on Sporcle, you need to verify the email address you used during registration. Go to your Sporcle Settings to finish the process.

Report this User

Report this user for behavior that violates our Community Guidelines.

Details: